000 00922nam a2200229 a 4500
001 54380
003 BD-RjUL
005 20211209080118.0
008 161106s2003 bg ||||| |||| 00| 0 ben d
020 _a984074593X
_c: TK 140.00
035 _a(BD-RjUL)54502
040 _aBD-RjUL
_bben
_cBD-RjUL
041 _aben
082 _223
_a954.14
_bKHB 2003
100 _a খান , মুঈন উদ-দীন আহমদ
_9162285
245 1 0 _aবাংলায় ফরায়েযী আন্দোলনের ইতিহাস /
_c মুঈন উদ-দীন আহমদ খান
260 _aঢাকা :
_bবাংলা একাডেমী,
_c২০০৩
300 _a[২০], ১৬৮ পৃ. ;
_c২১ সেমি.
651 _aIndia
_xBengal.
_9162286
700 _aভূঁইয়া, গোলাম কিবরিয়া, অনুবাদ
_9162287
942 _2ddc
_cBK
999 _c54380
_d54380